00667nam a2200193 a 450000100060000000300090000600800410001504000280005608200180008410000240010224500430012626001090016930000100027849000320028865000310032065000460035165000440039765000320044110515CO-ViMGA141112s2004 ck r 000 u spa d aCO-ViMGAbspacCO-ViMGA04a986.611 P17b21 aPolo ; Alvaro Yie, 10aPasto 450 años de Historia y Cultura aMedellín : bEditorial Lealon, cInstituto Andino de Artes populares del Convenio Andres Bello, c1988 a466p. aEdiciones Andionariñenses14aCULTURA - PASTO - COLOMBIA14aPASTO - COLOMBIA - CONDICIONES ECONOMICAS14aPASTO - COLOMBIA - CONDICIONES SOCIALES14aPASTO - COLOMBIA - HISTORIA